000 00901nam a2200217Ia 4500
008 0000001991 mX a 0000000000spa00
090 _aPSP00 N13a
100 1 _aNagel, Andrés de
_d1947
245 1 0 _aAndrés Nagel
_b: un enfoque irreverente
_c/ fotografías Jesús Uriarte
300 _a53 p.
_c/ 24 cm.
500 _aExposición realizada en el Museo Rufino Tamayo, México, Marzo Julio, 1991
501 _aAndrés Nagel: el juego y la rudeza / Jorge Alberto Manrique Andrés Nagel / Donald Kuspit Mi conversación con Andrés / Donald Knaub
600 0 0 _aNAGEL, ANDRES DE, 1947 /
_xTRABAJOS PICTORICOS
650 1 4 _aARTE CONTEMPORANEO ESPAÑOL
650 1 4 _xCATALOGOS
650 1 4 _xEXPOSICIONES
650 1 4 _aPINTORES ESPAÑOLES
650 1 4 _aPINTURA ESPAÑOLA
700 1 _aUriarte, Jesús
999 _c8201
_d8201
260 _aMéxico : Consejo Nacional para la Cultura y las Artes
_c1991